000 01114nam a22003377a 4500
003 CHAP
005 20220329133022.0
008 971013s1989 r 00010 d
010 _a1332
011 _a2304
035 _a1497
040 _cCHAP
090 _aTesis
100 0 0 _aFierro Flores, Rubén.
_940771
245 _aSuplementación con bicarbonato de sodio (NaHCO3) en gallinas de pastura sobre la calidad del cascarón
260 _aMarín, N. L. :
_bEl autor,
_c1989
300 _a45 h.
500 _a41-101
502 _aTesis (Ing. Agr. Zootecnista). -- Univ. Autónoma de Nuevo León. Fac. de Agronomía
590 _aALEPH
_b10
_c20130110
_lUCH01
_h1207
590 _aBATCH-UPD
_b10
_c20130110
_lUCH01
_h1823
590 _aBATCH-UPD
_b10
_c20130410
_lUCH01
_h1157
590 _aBATCH-UPD
_b10
_c20130914
_lUCH01
_h0626
590 _aCONVERSION
_b10
_c20130109
_lUCH01
_h1302
650 1 4 _aBicarbonato de sodio en nutrición animal.
_912604
650 1 4 _aGallinas.
_944441
650 1 4 _aHuevos
_xCalidad.
_956742
901 _aBK
942 _cTESIS
949 _bBC
_cTES
_d-10983
_eTS1
_h22860
_i1497
_si
999 _c1332
_d1332